[Event "Belgrade Investbank"]
[Site "Belgrade"]
[Date "1997.11.19"]
[Round "7"]
[White "Shirov, Alexei"]
[Black "Georgiev, Kiril"]
[Result "1-0"]
[WhiteElo "2700"]
[BlackElo "2670"]
[Annotator "Ftacnik,L"]
[PlyCount "91"]
[EventDate "1997.11.11"]
[EventType "tourn"]
[EventRounds "9"]
[EventCountry "YUG"]
[EventCategory "18"]
[SourceTitle "CBM 062"]
[Source "ChessBase"]
[SourceDate "1998.01.31"]
[SourceVersion "1"]
[SourceVersionDate "1998.01.31"]
[SourceQuality "1"]

1. e4 c5 2. Nf3 d6 3. d4 cxd4 4. Nxd4 Nf6 5. Nc3 a6 6. Be3 e6 7. g4 d5 8. g5
Nxe4 9. Nxe4 dxe4 10. Qg4 Qa5+ 11. c3 Bd7 (11... Be7 12. h4 Bd7 13. Qxe4 Nc6
14. Nb3 Qe5 15. Bg2 O-O-O 16. O-O-O Qxe4 17. Bxe4 Be8 18. Rde1 Kc7 19. Nc5 Na5
20. Bd4 Bc6 21. Bxg7 Bxc5 22. Bxh8 Rxh8 23. b4 Bxf2 24. Re2 Nc4 25. Bxc6 Be3+
26. Kc2 (26. Rxe3 $5 Nxe3 27. Be4 $14) 26... Kxc6 {0-1 Filipenko,A-Akhmadeev,V/
Kstovo op 1994/ (41)}) 12. Qxe4 Nc6 13. Nb3 Qe5 14. Bg2 Qxe4 15. Bxe4 Be7 (
15... O-O-O 16. Nc5 $14) 16. Nc5 O-O-O 17. Nxd7 {Very important moment, with
an advantage of bishop pair white has a solid plus due to open position and
assymetry of the pawns. Ein sehr wichtiger Augenblick. Dank des Läuferpaars
besitzt Weiß in dieser offenen Stellung mit asymmetrischer Bauernverteilung
einen soliden Vorteil.} Rxd7 18. Ke2 Ne5 19. Rad1 Rc7 (19... Rxd1 20. Rxd1 Rd8
$2 21. Rxd8+ Bxd8 22. Bxh7 $16) 20. b3 $5 f5 (20... Rxc3 $2 21. Bd4 Rc5 22.
Bxc5 Bxc5 23. Rc1 Nd7 24. b4 $18) 21. gxf6 gxf6 22. f4 Nd7 (22... Ng6 23. f5
$14) 23. f5 $1 e5 (23... Rxc3 24. Bxb7+ (24. fxe6 Ne5 25. Rc1 $18) 24... Kc7
25. fxe6 Nc5 26. Bxc5 Bxc5 27. Rd7+ $18) (23... exf5 24. Bxf5 Re8 25. Kf3 $16)
24. Bd5 Kb8 (24... Rxc3 $2 25. Be6 Rd8 26. Bb6 $18) 25. c4 Bc5 26. Rhg1 b5 27.
Rg4 Bxe3 (27... Nb6 28. Be6 b4 29. Bxc5 Rxc5 30. Rg7 $16) 28. Kxe3 Nb6 29. Be6
bxc4 (29... Kb7 $5 30. Rd6 h5 31. Rh4 Rc6 $14) 30. bxc4 {Shirov clearly
controls many files and squares. Shirov kontrolliert ganz offensichtlich viele
Linien und Punkte.} h5 31. Rh4 (31. Rg6 $5 Nxc4+ 32. Bxc4 Rxc4 33. Rxf6 Ra4 34.
Rd2 $16) 31... Na4 (31... Kb7 32. Rg1 Rc5 33. Rg6 Rf8 34. Kd3 Ra5 35. Rxh5 Rxa2
36. Rh7+ Kc6 37. Rgg7 $40) 32. Rd6 Nc5 33. Bd5 Rh6 34. Rh3 $1 h4 35. Rf3 Rd7 (
35... Ka7 36. Rf2 $40) 36. Rb6+ Ka7 37. Rc6 Na4 38. Ke2 Rb7 (38... Nb6 39. Ra3
$1 Nxd5 40. Rcxa6+ (40. Raxa6+ Kb7 41. cxd5 Rxd5 42. Rab6+ Ka7 43. Rxf6 Rxf6
44. Rxf6 Ra5 $14) 40... Kb7 41. Ra7+ Kc8 42. cxd5 Rxd5 43. Rg7 $16) 39. Rb3
Rxb3 (39... Rhh7 40. Rxf6 Rxb3 41. axb3 Nc3+ 42. Kd3 Nxd5 43. cxd5 $18) 40.
axb3 Nc3+ 41. Kd3 Na2 (41... Nxd5 42. cxd5 Kb7 43. h3 $18) 42. Rc8 h3 (42...
Nb4+ 43. Kc3 Nxd5+ 44. cxd5 Rh5 45. d6 Rh7 46. Kc4 $18) 43. Be4 (43. c5 $4 Nb4+
44. Kc4 Rh4+) 43... Kb6 (43... Nc1+ 44. Kc2 Rh4 45. Bh1 Na2 46. c5 e4 47. Re8
$18) 44. c5+ Ka5 (44... Kb5 45. c6 Nb4+ 46. Kc3 Kc5 47. Rb8 Nxc6 48. Rc8 $18)
45. Rb8 Rh7 46. c6 (46. c6 Rc7 47. Kc4 $18) 1-0

[Event "Biel GM"]
[Site "Biel"]
[Date "2000.07.27"]
[Round "4"]
[White "Svidler, Peter"]
[Black "Gelfand, Boris"]
[Result "1-0"]
[WhiteElo "2689"]
[BlackElo "2681"]
[Annotator "Ftacnik,L"]
[PlyCount "58"]
[EventDate "2000.07.24"]
[EventType "tourn"]
[EventRounds "10"]
[EventCountry "SUI"]
[EventCategory "16"]
[SourceTitle "CBM 079"]
[Source "ChessBase"]
[SourceDate "2000.11.21"]
[SourceVersion "1"]
[SourceVersionDate "2000.11.21"]
[SourceQuality "1"]

1. e4 c5 2. Nf3 d6 3. d4 cxd4 4. Nxd4 Nf6 5. Nc3 a6 6. Be3 e6 7. g4 e5 8. Nf5
g6 9. g5 gxf5 10. exf5 d5 11. gxf6 d4 12. Bc4 Qc7 13. Qd3 dxe3 14. O-O-O exf2
15. Bxf7+ Kxf7 16. Qd5+ Kxf6 17. Ne4+ Ke7 (17... Kg7 $4 18. Rhg1+ fxg1=Q 19.
Rxg1+ Kh6 20. Qd2+ Kh5 21. Qg5#) (17... Kxf5 $2 18. Rhf1 Bh6+ 19. Kb1 Bf4 20.
Rxf2 Qe7 21. Rxf4+ $1 Kxf4 22. Rf1+ Kg4 23. Nf6+ $18) 18. f6+ (18. Nd6 Bh6+ 19.
Kb1 Kf6 20. Ne4+ (20. Rhf1 Rf8 (20... Nc6 $5 21. Ne4+ Kg7 22. f6+ Kf8 23. Qc5+
Kf7) (20... Bxf5 21. Rxf2 Bf4 22. Nxf5 Nc6 23. Nd6 $13) 21. Rxf2 Nc6 22. Qc4
Bf4 $4 (22... Kg7 $1 23. Rg1+ Kh8 24. Rfg2 Bg7 $1) 23. Rxf4 $1 exf4 24. Qc3+
Kg5 25. Rg1+ Kh4 26. Qf3 {1-0 Shirov,A-Van Wely,L/Monaco/2000/ (26)}) 20... Ke7
(20... Kg7 $5 21. f6+ Kf8 22. Qd8+ Qxd8 23. Rxd8+ Kf7 24. Rxh8 Bf5 25. Nd6+
Kxf6 26. Rf1 Bf4 27. Rxf2 b5 28. Nxf5 Kxf5 29. Rg2 $16) 21. Nd6 Kf6 22. Ne4+
Ke7 23. Nd6 {1/2-1/2 Gormally,D-Kaufman,L/Hampstead/1998/ (23)}) 18... Ke8 19.
f7+ Ke7 20. Qd2 Qc6 $2 {Black can be severely punished for even small mistakes
in this complicated position.} (20... Qb6 $1 21. Qg5+ Kxf7 22. Rhf1 Bh6 (22...
Rg8 $5 23. Rxf2+ Qxf2 24. Qh5+ Rg6 25. Qxh7+ Bg7 26. Nxf2 $13) 23. Rxf2+ Ke8 (
23... Qxf2 24. Nd6+ Ke6 25. Qxh6+ Qf6 26. Qh3+ Ke7 27. Nxc8+ Ke8 28. Nb6 $1 $40
) 24. Rd8+ Qxd8 25. Qxh6 Qe7 26. Nf6+ Kd8 27. Nd5 Qe6 28. Qg5+ Kd7 29. Qg7+ Kc6
30. Rf6 Kxd5 31. Rxe6 Kxe6 32. Qxh8 Nd7 $6 (32... Nc6 $1 33. h4 Rb8 34. h5 Bd7
35. Qxh7 $13) 33. Qxh7 $6 (33. Qg8+ Kd6 34. Qxh7 $13) 33... Nf6 $17 {0-1
Almasi,Z-Svidler,P/Polanica Zdroj/2000/ (54)}) 21. Qg5+ Kxf7 22. Rhf1 Bc5 (
22... Nd7 23. Rxf2+ Ke8 24. Nf6+ Nxf6 25. Rxf6 Qd7 $1 26. Rxd7 Bxd7 (26... Kxd7
27. Rf7+ Ke8 28. Rf1 Be7 29. Qh5+ Kd7 30. Qf7 $18) 27. Qxe5+ Be7 (27... Kd8 28.
Rf4 Rg8 29. Qa5+ Ke8 (29... Kc8 30. Rxf8+ Rxf8 31. Qc5+ $18) 30. Re4+ Be7 31.
Qe5 $18) 28. Rf1 Rg8 29. Re1 $18) 23. Nxf2 Nd7 (23... Bxf2 $2 24. Rxf2+ Ke8 25.
Rd8#) 24. Ng4+ Ke8 25. Nxe5 Qe6 (25... Be3+ 26. Qxe3 Qe6 27. Qd4 Rf8 28. Rfe1
$18) 26. Rfe1 Nf6 $2 {[%mdl 8192] Under the strain of a defensive task Gelfand
makes a calculation blunder.} (26... Rg8 27. Qh5+ Rg6 28. Nxg6 Be3+ 29. Kb1
hxg6 30. Qf3 $16) 27. Nd3 (27. Nd7 $5 Bxd7 28. Rxe6+ Bxe6 29. Qxf6 $18) 27...
Be7 (27... Ne4 28. Qh5+ Qg6 (28... Kf8 29. Nxc5 $18) 29. Rxe4+ Be7 30. Qe5 $18)
28. Rxe6 Bxe6 29. Re1 Nd7 (29... Ne4 30. Qe5 $18) (29... Nd7 30. Rxe6 $18) 1-0

[Event "Dos Hermanas 10th"]
[Site "Dos Hermanas"]
[Date "1999.04.06"]
[Round "1"]
[White "Polgar, Judit"]
[Black "Anand, Viswanathan"]
[Result "1-0"]
[WhiteElo "2677"]
[BlackElo "2781"]
[Annotator "Ftacnik,L"]
[PlyCount "67"]
[EventDate "1999.04.06"]
[EventType "tourn"]
[EventRounds "9"]
[EventCountry "ESP"]
[EventCategory "19"]
[SourceTitle "CBM 071"]
[Source "ChessBase"]
[SourceDate "1999.08.01"]
[SourceVersion "1"]
[SourceVersionDate "1999.08.01"]
[SourceQuality "1"]

1. e4 c5 2. Nf3 d6 3. d4 cxd4 4. Nxd4 Nf6 5. Nc3 a6 6. Be3 e6 7. g4 e5 8. Nf5
g6 9. g5 gxf5 10. exf5 d5 11. Qf3 d4 12. O-O-O Nbd7 {In this quite irrational
position black is seriously underdeveloped, but he is on the verge of winning
the second spare piece.} (12... Nc6 13. Bg2 $44 (13. gxf6 $2 Qxf6 14. Nd5 Qxf5
15. Qg3 Ra7 $1 16. Bg5 Bg7 $15)) 13. Bd2 (13. gxf6 $5 dxc3 14. Bc4 $1 Qxf6 15.
Rhg1 $1 $44 (15. Qh5 $6 Rg8 $17) (15. Rhe1 Be7 16. Qh5 Nf8 17. Bd3 Qh4 18. Qe2
Qb4 19. bxc3 Qxc3 20. Kb1 Qb4+ 21. Kc1 Bd7 22. Bd2 Qd4 23. Qxe5 Qxe5 24. Rxe5 {
1/2-1/2 Gochev,M-Espig,L/Eger/1987/ (24)}) 15... h6 (15... Bh6 16. Bxf7+ $1
Qxf7 (16... Kxf7 $2 17. Qh5+ $16) 17. Bxh6 Qxa2 18. bxc3 $44 {->}) (15... h5
16. Qd5 Bh6 17. Bxh6 Qxh6+ 18. Kb1 Qf6 19. Rde1 Kd8 20. Re3 Ra7 21. Rd1 b5 22.
Rxe5 Rc7 {0-1 Simacek,P-Kalod,R/Svetla/1994/ (68)}) 16. Qh5 Bc5 17. Bxc5 Nxc5
18. Bxf7+ $8 Ke7 $1 (18... Qxf7 $2 19. Rd8+ $18) 19. Bg6 $8 {><f5} cxb2+ $6 20.
Kb1 Bd7 (20... b6 21. f4 e4 22. Rd5 $44 {->}) 21. Qf3 $1 Bc6 $2 (21... Rac8 22.
Rge1 $44) 22. Qc3 b6 23. Rge1 $16 {1-0/Badzharani,I-Rybincev/USSR/1989/ (30)})
(13. Rxd4 $6 exd4 14. Bxd4 Bc5 (14... Bg7 15. Bd3 $3 (15. Rg1 $2 Nh5 16. f6
Ndxf6 17. Be3 Ng4 $19) (15. Bc4 $2 O-O $1 16. Rg1 Kh8 $17 17. h4 b5 18. h5 h6
19. Bb3 b4 20. Qxa8 bxc3 $19) 15... Qe7 (15... O-O 16. Rg1 Re8 17. Nd5 $1 Nxd5
18. f6 $18 {/^b1-h7}) 16. Rg1 Nh5 (16... Qd6 $5 17. Qe3+ $16 {->}) 17. Bxg7 (
17. f6 $5) 17... Nxg7 18. f6 Qe5 19. fxg7 Qxg7 20. Re1+ $44) 15. Bxc5 Nxc5 16.
Bc4 (16. b4 Nfe4 17. Nxe4 Nxe4 18. Qxe4+ Qe7 19. Qd4 O-O 20. f6 Qe1+ 21. Kb2 a5
22. Bc4 Qxb4+ 23. Ka1 Be6 {0-1 Denk,J-Badea,B/Schwaebisch Gmund/1996/ (23)})
16... Nfe4 $1 (16... Qd4 17. Re1+ Kf8 18. gxf6 Qxf6 (18... Qxc4 $4 19. Qg3 $18)
19. Qe3 Bxf5 $8 20. Qxc5+ Kg7 21. Nd5 Rac8 (21... Qh6+ 22. f4 $18) (21... Rhc8
22. Qe3 Qd6 23. Nb6 $16) 22. Qe3 Rxc4 (22... Qh6 23. f4 (23. Rg1+ $2 Bg6 24. f4
Rxc4 25. Qe5+ Kg8 $13) 23... Rhe8 24. Qd4+ f6 25. Re7+ $1 Kf8 $8 26. Rxe8+ Rxe8
27. Nxf6 $40 Qxh2 $2 28. Qd6+ Re7 29. Qd8+ $18) 23. Rg1+ $18 {1-0 Enders,
P-Orgovan,S/Gyongyos/1988/ (30)}) (16... Bd7 17. Re1+ Kf8 18. Qe3 $16) (16...
O-O 17. Rd1 $1 (17. gxf6 $2 Qxf6 18. Rg1+ Kh8 19. Nd5 Qh6+ $17) 17... Bd7 18.
Qe3 Rc8 (18... Nh5 19. g6 $40) 19. gxf6 $40) (16... Qe7 $1 17. gxf6 $44 Qe5 $1
18. Rd1 Bxf5 $8 (18... Qxf6 19. Qe3+ Ne6 20. Nd5 $1 $16) 19. Rd5 (19. Bxf7+
Kxf7 20. Qh5+ Kxf6 $19) 19... Qe1+ 20. Rd1 $11 {1/2-1/2 Gipslis,A-Rastenis,G/
LIT jub100 corr8893/ 1988/ (20)}) 17. Nxe4 Nxe4 18. Qxe4+ Qe7 $17) (13. Bxd4
exd4 14. Bc4 (14. Rxd4 Bc5 15. Rd2 (15. Rd1 Qc7 16. gxf6 Nxf6 17. Bc4 Bd7 18.
Rhe1+ Kf8 19. Nd5 Nxd5 20. Bxd5 Rg8 21. Qh5 Ba4 22. Qh6+ Rg7 23. Be4 Kg8 {
0-1 Maeer,K-Tredinnick,A/ENG-ch sf01 corr 1986/ (27)}) 15... Qc7 (15... O-O 16.
gxf6 Qxf6 17. Rg1+ Kh8 18. Ne4 Qe7 19. f6 Nxf6 20. Nxc5 Bg4 21. Qe3 {1-0 Firt,
S-Sobek,J/CZE-chT2/1996/ (54)}) 16. gxf6 Nxf6 17. Bc4 Be7 18. Bb3 O-O 19. Re1
Kh8 20. Qe3 Bd8 21. Qd4 Bxf5 {0-1 Pulkkinen,K-Oll,L/Helsinki/1990/ (28)}) 14...
Qc7 15. Rhe1+ Kd8 16. Rxd4 Bc5 17. Rd3 Re8 18. Red1 Nh5 19. Bxf7 Qf4+ 20. Kb1
Qxf3 21. Rxf3 Ng7 22. f6 Ne6 23. Rf5 {1-0 Farago,S-Habibi,A/Budapest/1994/ (58)
}) (13. Bc4 Qc7 14. Bb3 dxc3 15. gxf6 (15. g6 fxg6 16. fxg6 hxg6 17. Qg2 Qc6
18. Qxg6+ Kd8 19. Rhe1 Kc7 20. Qf7 cxb2+ 21. Kb1 Bb4 22. Bd2 Bxd2 23. Rxd2 Kb8
{0-1 Sokolov,A-Svidler,P/St. Petersburg/1998/ (23)}) 15... Nxf6 16. Bg5 Be7 17.
Ba4+ b5 18. Qxa8 bxa4 19. Rhe1 h6 20. Bh4 O-O 21. Qg2+ Kh7 22. Qh3 Rg8 {
0-1 Farago,S-Stocek,J/Budapest/1994/ (40)}) 13... dxc3 (13... Qc7 14. Bd3 Nc5 (
14... dxc3 $5 15. Bxc3) 15. Bc4 dxc3 16. Bxc3 Nfe4 17. Rhe1 Nxc3 18. Qxc3 Bg7
19. f6 O-O 20. Rxe5 Be6 21. Bxe6 Nxe6 22. Qxc7 Nxc7 23. Rd7 (23. Re7 Ne6 24.
fxg7 Kxg7 25. Rxb7 Nxg5 $19) 23... Rfe8 $1 24. Ree7 Rxe7 25. fxe7 Ne6 {0-1
Wedberg,T-Novikov,I/Kobenhavn/1991/ (34)}) 14. Bxc3 Bg7 {[%mdl 1024] It is not
possible to give the value to individual moves, black has to survive the storm
with some extra material left.} (14... Qc7 15. Bd3 Bd6 16. Rhe1 Nc5 (16... Rg8
17. gxf6 Nxf6 18. Bc4 Nd7 19. Bxf7+ Kxf7 20. Qh5+ Kg7 21. Rg1+ Kh8 22. Rxg8+
Kxg8 23. Qe8+ Nf8 24. Rg1+ Kh8 25. Bxe5+ {1-0 Solovjov,S-Biriukov,O/St
Petersburg/1999/ (25)}) 17. Bc4 Nfe4 18. Rxe4 Nxe4 19. Qxe4 Bd7 20. Qd5 O-O-O
21. Qxd6 Qxd6 22. Rxd6 Bxf5 23. Rf6 {1/2-1/2 Chiburdanidze,M-Cserna,L/Pristina/
1983/ (41)}) (14... Ng8 15. Qh5 $36) (14... Rg8 15. gxf6 Qxf6 $13) 15. Rg1 (15.
gxf6 Qxf6) 15... O-O (15... Ng8 16. Bc4 $40) 16. gxf6 (16. Bb4 e4 (16... Re8
17. Bc4 e4 18. Bxf7+ $14) (16... Ne8 17. f6 Nexf6 18. Bxf8 Kxf8 (18... Qxf8 19.
gxf6 Nxf6 20. Qxf6 $18) 19. gxf6 Qxf6 $17) 17. Qe3 Re8 18. Bc4 $40) 16... Qxf6
17. Qe3 Kh8 (17... Qxf5 $2 18. Bh3 Qh5 19. Bxd7 $16) 18. f4 Qb6 $6 {This
strange manouvre is the reason for black's problems. White queen is beiing
send to the more active square and the position suddenly opens new attacking
possibilities.} (18... Re8 19. Rxg7 $1 Qxg7 20. fxe5 Nxe5 (20... Nf8 21. Bd3
$16) 21. f6 Qxf6 22. Re1 $40) (18... Qh6 $5) (18... Qe7 $2 19. Rxg7 Kxg7 20.
fxe5 $40) 19. Qg3 (19. Qxb6 Nxb6 20. f6 Bh6 (20... Bxf6 $2 21. Rd6 Be7 22. Rxb6
$18) 21. Bxe5 Bf5 $17) 19... Qh6 (19... Rg8 20. Bc4 $1 (20. Kb1 Nf6 21. Bxe5
Bxf5 22. Rd6 Qc5) 20... Qf6 21. fxe5 Bh6+ 22. Kb1 Rxg3 23. exf6 Rxg1 24. Rxg1
$16) 20. Rd6 $1 f6 $8 (20... Nf6 21. Bxe5 Bxf5 22. Qxg7+ Qxg7 23. Bxf6 Qxf6 24.
Rxf6 $16) 21. Bd2 e4 (21... Nc5 22. fxe5 Ne4 23. exf6 $3 Nxg3 (23... Rxf6 24.
Rd8+ Rf8 25. Rxf8+ Bxf8 26. Qg8#) 24. fxg7+ Qxg7 25. Rxg3 $16) 22. Bc4 {
Black is still piece up, but his forces are not cooperating.} b5 $2 (22... Nb8
$5 23. Be6 Nc6 24. Qg2 (24. Re1 Ne7 $1) 24... Bxe6 25. fxe6 f5 26. Qxg7+ (26.
e7 Rf6 27. Bc3 Rg6 $17) 26... Qxg7 27. Rxg7 Kxg7 28. Bc3+ Kg8 29. Rd7 Rfd8 30.
Rg7+ Kf8 31. Rxh7 Nd4 32. Bxd4 (32. e7+ $2 Kg8 33. exd8=Q+ Rxd8 34. Bxd4 (34.
Rh5 $2 Ne2+ 35. Kb1 Rd1#) 34... Kxh7 $19) 32... Rxd4 33. Rh8+ Ke7 34. Rxa8 e3
35. Rg8 Rxf4 36. Kd1 Rf2 $17) 23. Be6 Ra7 (23... Nc5 24. Bd5 Ra7 25. Rc6) (
23... Nb8 24. Be3 a5 25. Rgd1 $40) 24. Rc6 a5 $6 (24... Rb7 25. Be3 Rd8 26. Rd1
$16) 25. Be3 Rb7 (25... Ra8 26. Rd1 $16) (25... Ra6 26. Rc7 Rd8 27. Rd1 $16)
26. Bd5 Rb8 (26... b4 $2 27. Rxc8 Rxc8 28. Bxb7 $18) 27. Rc7 b4 (27... Rd8 28.
Ba7 $18) 28. b3 (28. Bc6 Rd8 29. Ba7 b3 30. a3 $18) 28... Rb5 (28... Rd8 29.
Bc6 a4 30. Ba7 $18) 29. Bc6 Rxf5 30. Rxc8 $1 {Anand will now lose the last
part of compensation for his positional missery, equal material will spell his
end.} (30. Bxd7 Bxd7 31. Rxd7 Rg8 32. Qg2 $18) 30... Rxc8 31. Bxd7 Rcc5 (31...
Rfc5 32. Bxc8 Rxc8 33. f5 $1 Rg8 34. Bxh6 Bxh6+ 35. Kd1 Rxg3 36. Rxg3 $18) 32.
Bxf5 Rxf5 33. Rd1 Kg8 (33... Bf8 34. Rd8 $18) 34. Qg2 (34. Qg2 Qg6 35. Qxe4 $18
) 1-0

[Event "Rubinstein Memorial 37th"]
[Site "Polanica Zdroj"]
[Date "2000.08.25"]
[Round "8"]
[White "Shirov, Alexei"]
[Black "Van Wely, Loek"]
[Result "1-0"]
[WhiteElo "2746"]
[BlackElo "2643"]
[Annotator "Ftacnik,L"]
[PlyCount "65"]
[EventDate "2000.08.17"]
[EventType "tourn"]
[EventRounds "9"]
[EventCountry "POL"]
[EventCategory "17"]
[SourceTitle "CBM 079"]
[Source "ChessBase"]
[SourceDate "2000.11.21"]
[SourceVersion "1"]
[SourceVersionDate "2000.11.21"]
[SourceQuality "1"]

1. e4 c5 2. Nf3 d6 3. d4 cxd4 4. Nxd4 Nf6 5. Nc3 a6 6. Be3 e6 7. g4 e5 8. Nf5
g6 9. g5 gxf5 10. exf5 d5 11. Qf3 d4 12. O-O-O Nbd7 13. Bd2 Qc7 14. gxf6 (14.
Bd3 Nc5 15. Bc4 (15. gxf6 dxc3 16. Bxc3 Qc6 17. Qe3 e4 18. Bc4 Bxf5 19. Rd4 Ne6
20. Bd5 Qb6 21. Rc4 Bc5 22. Qg3 Bxf2 23. Qe5 {1/2-1/2 Shirov,A-Svidler,P/
Polanica Zdroj/2000/ (54)}) 15... dxc3 16. Bxc3 Nfe4 17. Rhe1 Nxc3 18. Qxc3 Bg7
19. f6 O-O 20. Rxe5 Be6 21. Bxe6 Nxe6 22. Qxc7 Nxc7 {0-1 Wedberg,T-Novikov,I/
Copenhagen/1991/ (34)}) 14... dxc3 15. Bxc3 Qc6 16. Qg3 Bh6+ (16... Qxh1 17.
Bg2 Bh6+ 18. Bd2 Bxd2+ 19. Kxd2 Qxg2 20. Qxg2 a5 21. f4 exf4 22. Qg7 Rf8 23.
Re1+ Kd8 24. Re7 Kc7 25. Qxf8 {1-0 Shirov,A-Van Wely,L/Istanbul ol (Men)/2000/
(25)}) 17. Kb1 Bf4 (17... Qxh1 18. Bxe5 $44) 18. Qd3 O-O 19. Rg1+ Kh8 20. Bb4
Rg8 $2 {Shirov keeps playing this irrational line with a huge material
investment for a great initiative. Black has to play exact moves, what often
proves difficult under the over the board conditions.} (20... Nc5 $1 21. Qh3 $1
(21. Bxc5 Qxc5 22. Qh3 Qc6 $1 $19) (21. Qc4 Bxf5 22. Bxc5 Rfc8 23. Bd3 (23. Bg2
Qxc5 24. Rd8+ Rxd8 25. Qxc5 Rac8 26. Qb4 Rg8 $19) 23... Bxd3 24. Rxd3 b6 25.
Bf8 Qxf6 26. Qxc8 Rxc8 27. Rd6 Qxd6 28. Bxd6 Bxh2 $17) 21... Qxf6 22. Bxc5 Bxf5
23. Qa3 $13) 21. Rxg8+ Kxg8 22. Be7 h6 23. Be2 $1 (23. Qb3 Qh1 $13) 23... Nxf6
24. Qd8+ $2 {[%mdl 64] Unfortunatelly also white has to keep producing strong
moves and this inacuraccy enables fascinating defense.} (24. Bf3 e4 25. Qd8+
Qe8 26. Bxf6 (26. Qxe8+ Nxe8 27. Bxe4 f6 $13) 26... Bxf5 27. Rg1+ Bg6 28. Qd5
$16) (24. Rg1+ Kh7 25. Bf3 e4 26. Qb3 Qd5 27. Bxf6 Qxb3 28. Rg7+ Kh8 29. axb3
exf3 30. Rg4+ Kh7 31. Rxf4 $16) 24... Kh7 $1 (24... Ne8 25. Bf3 Qb5 26. Bd5
Bxh2 27. b3 $18) 25. Qf8 $1 Be6 $2 (25... Qe8 $1 26. Qxe8 Nxe8 27. Rd8 b5 $3 (
27... Ng7 28. f6 $16) (27... Nc7 28. Bd3 Bxf5 29. Bxf5+ Kg7 30. Rd7 $16) 28.
Rxe8 Bb7 29. Rxa8 Bxa8 30. h4 $14) 26. Qxa8 Bxf5 27. Ka1 $1 (27. Rg1 $6 Qxc2+
28. Ka1 Bc1 $1 29. Qh8+ $1 Kxh8 30. Bxf6+ Kh7 31. Rg7+ Kh8 $11) (27. Qf8 $6
Bxc2+ 28. Ka1 Bg6 $14) 27... Nd5 (27... Qxc2 28. Bxf6 Qxe2 29. Rg1 $18) (27...
Bxc2 28. Rg1 $1 Bg6 29. Bxf6 Qxf6 30. Bd3 $1 $16) 28. Qf8 Qe6 29. Bc5 Bxc2 30.
Rg1 $2 {White throws away a portion of his substantial advantage, the endgame
after 30.Bg4 was a safer bet.} (30. Bg4 $1 Qxg4 31. Qxf7+ Qg7 32. Qxg7+ Kxg7
33. Rxd5 Bxh2 34. Rd7+ Kg6 35. Rxb7 $16) 30... Bg6 31. h4 Bh2 (31... h5 $2 32.
Bxh5 $1 $18) 32. Rd1 Nf4 $2 (32... b6 33. h5 $5) 33. Rd8 1-0

[Event "CUB-ch"]
[Site "Holguin"]
[Date "2002.04.11"]
[Round "10"]
[White "Perez Garcia, Rodney Oscar"]
[Black "Dominguez Perez, Leinier"]
[Result "1/2-1/2"]
[WhiteElo "2429"]
[BlackElo "2594"]
[Annotator "Ftacnik,L"]
[PlyCount "185"]
[EventDate "2002.03.31"]
[EventType "tourn"]
[EventRounds "17"]
[EventCountry "CUB"]
[EventCategory "9"]
[SourceTitle "CBM 089"]
[Source "ChessBase"]
[SourceDate "2002.08.12"]
[SourceVersion "1"]
[SourceVersionDate "2002.08.12"]
[SourceQuality "1"]

1. e4 c5 2. Nf3 d6 3. d4 cxd4 4. Nxd4 Nf6 5. Nc3 a6 6. Be3 e6 7. g4 e5 8. Nf5
g6 9. g5 gxf5 10. exf5 d5 11. gxf6 d4 12. Bc4 Qc7 13. Qd3 dxe3 14. O-O-O exf2
15. Bxf7+ Kxf7 16. Qd5+ Kxf6 17. Ne4+ Ke7 18. f6+ Ke8 19. f7+ Ke7 20. Qd2 Qb6
21. Qg5+ Kxf7 22. Rhf1 Bh6 23. Rxf2+ Ke8 24. Rd8+ Qxd8 25. Qxh6 Qe7 26. Nf6+
Kd8 27. Nd5 Qe6 28. Qg5+ Kd7 29. Qg7+ Kc6 30. Rf6 Kxd5 31. Rxe6 Kxe6 32. Qxh8
Nd7 33. Qg8+ {The chess theory has many faces these days, white queen tries to
fight against three black's pieces.} (33. Qxh7 Nf6 34. Qc7 Kf5 35. h4 Be6 36.
Qxb7 Bd5 37. Qb6 Ng4 38. c4 Be4 39. h5 Rh8 40. Qg6+ Kf4 41. Qf7+ Bf5 42. b4 e4
43. b5 axb5 44. cxb5 e3 {0-1 Almasi,Z-Svidler,P/Polanica Zdroj 2000/ (54)})
33... Kd6 (33... Kf5 34. Qxh7+ Kf4 35. Qh4+ Ke3 36. Qg5+ Ke4 37. h4 $13) 34.
Qxh7 b6 (34... Nf6 35. Qf7 Ng4 36. c4 Bd7 37. h3 $14) 35. h4 Bb7 36. h5 Bd5 (
36... Rf8 37. h6 Bd5 38. Qd3 Nc5 39. Qg6+ Ne6 40. h7 $16) 37. Qg6+ Be6 (37...
Kc7 38. h6 Rg8 39. Qd3 Rg1+ 40. Kd2 Rg2+ 41. Ke1 Bxa2 42. h7 Rh2 43. Qg6 $14)
38. h6 Rg8 39. Qd3+ Ke7 40. h7 Rh8 (40... Rg1+ 41. Kd2 Rh1 42. Qg6 Rh2+ 43. Ke3
$16) 41. Qg6 Kf8 $1 {Anything else looses so black is taking his chance to
prolong resistance.} (41... Kd6 42. Qg7 $18) 42. Qxe6 (42. b3 $5 Bg4 (42... Bf7
43. Qh6+ Ke7 44. Qg7 $18) 43. c4 Be6 44. Kd2 $16) 42... Rxh7 43. b4 Re7 44. Qc4
a5 (44... b5 45. Qc8+ Kg7 46. Qxa6 $18) 45. bxa5 bxa5 46. Qb5 e4 47. Kd1 Ke8
48. Qh5+ Kd8 49. Qxa5+ Kc8 50. Qa6+ Kc7 51. Qc4+ Kd8 52. a4 Re5 $1 53. Qb4 Rd5+
54. Ke2 Rc5 55. c3 $2 {It is hard to believe, but this modest move probably
throws away the winning chances.} (55. a5 $5 Rxc2+ (55... Kc7 56. a6 Rxc2+ 57.
Ke3 Nb6 58. Qe7+ Kc6 59. Qxe4+ Nd5+ 60. Kd3 Ra2 61. Qc4+ Kd6 62. Qxa2 Nb4+ 63.
Kc4 Nxa2 64. a7 $18) 56. Ke3 Ra2 57. Qb5 $18) 55... Kc7 56. Ke3 (56. a5 Rc6 57.
Ke3 Nc5 58. Qd4 Kb7 59. Qd5 Na6 $11) 56... Re5 57. a5 Re6 58. Qb5 Nb8 59. Qc5+
Rc6 60. Qe5+ Kb7 61. Kxe4 Na6 $1 $11 {[%mdl 4096] With this manouver Dominguez
has found an unbreakable set up of his pieces, the position is drawn!} 62. Qb5+
Kc7 63. Qe5+ (63. Kd5 Rd6+ 64. Ke5 Rc6 $14) 63... Kb7 64. Kd4 Nc7 65. c4 (65.
Qe4 Nb5+ 66. Kd3 Nc7 (66... Nxc3 $2 67. Qe7+ Ka6 68. Qd7 $18)) 65... Ne6+ 66.
Kc3 Nc7 67. Qe7 Kb8 68. Kb4 Kb7 69. Qd7 Ra6 $1 70. Qf7 Rc6 71. Qf3 Na6+ 72. Ka4
Nc7 73. Qh1 Na6 74. Qg2 Nc7 75. Qe4 Na6 76. Qf3 Nc7 77. Qg2 Na6 78. Qb2+ Kc8
79. c5 (79. Kb5 Kb7 80. Qg7+ Nc7+ 81. Kb4 Kc8 $11) 79... Nc7 $1 (79... Rxc5 $2
80. Qb6 $18) 80. Qh8+ Kb7 81. Qb2+ Ka7 82. Qg7 Kb7 83. Qg2 Na6 84. Kb5 Nc7+ 85.
Kb4 Na6+ 86. Kc4 Nc7 (86... Nxc5 $4 87. Kb5 $18) 87. Qb2+ Ka7 88. Qg7 (88. Qb6+
Rxb6 89. cxb6+ Kb7 90. bxc7 Kxc7 $11) 88... Kb7 89. Qd7 Ra6 90. Kd4 Rxa5 (90...
Rc6 $11) 91. c6+ Kb6 92. Kc4 Rc5+ 93. Kb4 (93. Kb4 Rxc6 $11) 1/2-1/2